00454nam a22001577a 4500999001900000005001700019010001300036020002200049035001300071037003100084082000600115245008600121260004800207300002100255942002000276 c160363d16036320190128121903.0 aB-129690 a8123740352c80.00 aB-129690 bNational Book Trust, India aS aHot days, long nights :bAn anthoogy of african short storiesc Nadezda Obradovic aNew DelhibNational Book Trust, Indiac2000 a312p.c22cm(pbk) 2ddccENhSmHOT